<?xml version="1.0" encoding="UTF-8"?>
<record
    xmlns:xsi="http://www.w3.org/2001/XMLSchema-instance"
    xsi:schemaLocation="http://www.loc.gov/MARC21/slim http://www.loc.gov/standards/marcxml/schema/MARC21slim.xsd"
    xmlns="http://www.loc.gov/MARC21/slim">

  <leader>02087agaaa2200313   4500</leader>
  <controlfield tag="001">5285</controlfield>
  <controlfield tag="003">IT-RoPAU</controlfield>
  <controlfield tag="005">20220918181231.0</controlfield>
  <controlfield tag="007">d cvaizq</controlfield>
  <controlfield tag="008">50131s9999||||xx ||| |     ||   ||und||</controlfield>
  <datafield tag="040" ind1=" " ind2=" ">
    <subfield code="a">IT-RoPAU</subfield>
    <subfield code="c">IT-RoPAU</subfield>
  </datafield>
  <datafield tag="041" ind1=" " ind2=" ">
    <subfield code="a">ITALIANO</subfield>
  </datafield>
  <datafield tag="100" ind1=" " ind2=" ">
    <subfield code="a">Gasparini Ludovico</subfield>
    <subfield code="g">Codice regista SPICS: 58001</subfield>
    <subfield code="9">40930</subfield>
  </datafield>
  <datafield tag="130" ind1=" " ind2=" ">
    <subfield code="a">DON BOSCO</subfield>
    <subfield code="9">40931</subfield>
  </datafield>
  <datafield tag="245" ind1=" " ind2=" ">
    <subfield code="a">DON BOSCO</subfield>
    <subfield code="c">Prodotto da: Maggi P. Petrocchi F -- Sceneggiatura: Diana Graziano Panzarella Francesca Mazzotta Carlo -- Diretto da: Gasparini Ludovico</subfield>
    <subfield code="p">DON BOSCO (Rif. Codice opera principale : H5285)</subfield>
  </datafield>
  <datafield tag="250" ind1=" " ind2=" ">
    <subfield code="a">Edizione Standard</subfield>
  </datafield>
  <datafield tag="260" ind1=" " ind2=" ">
    <subfield code="a">(ITALIA)</subfield>
    <subfield code="b">RAI FICTION - LUX VIDE - D&amp;B PRODUCTION / Distribuzione: MULTIMEDIA SAN PAOLO</subfield>
    <subfield code="g">"2004 (1&#xB0; ed.: 2005 ; Ed. Lingua Orig.: 2004)"</subfield>
  </datafield>
  <datafield tag="300" ind1=" " ind2=" ">
    <subfield code="a">DVD</subfield>
    <subfield code="b">sonoro, col.</subfield>
    <subfield code="c">200 minuti</subfield>
  </datafield>
  <datafield tag="508" ind1=" " ind2=" ">
    <subfield code="a">"Fotografia: Galasso Giovanni; Montaggio: Lucidi Alessandro; Musica: Frisina Marco; Sceneggiatura: Diana Graziano Panzarella Francesca Mazzotta Carlo; Scenografia: Germano Lino; "</subfield>
  </datafield>
  <datafield tag="511" ind1=" " ind2=" ">
    <subfield code="a">"Insinna Flavio; Sastri Lina; Dance Charles; Finerty Ry; Michael; Tschirley Daniel"</subfield>
  </datafield>
  <datafield tag="520" ind1=" " ind2=" ">
    <subfield code="a">PARTENDO DA UN MOMENTO TRAGICO IN CUI DON BOSCO E' IN FIN DI VITA, IL RACCONTO RIPERCORRE TUTTE LE FASI SALIENTI DELLA SUA VITA, DALLE UMILI ORIGINI ALLA SCELTA DEL SACERDOZIO, DALL'IMPATTO CON LA REALTA' DEI RAGAZZI AFFAMATI, SBANDATI E PROSSIMI A DELINQUERE ALLA DECISIONE DI PRODIGARSI CON TUTTE LE FORZE PER AIUTARLI, DALLA CREAZIONE DEL PRIMO ORATORIO ALLA REALIZZAZIONE DELLA CASA-MADRE DELLA CONGREGAZIONE RELIGIOSA DEI SALESIANI, DALLE ACCUSE DI SOVVERSIONE A DAI CONTRASTI CON L'ARISTOCRAZIA E CON LA CHIESA UFFICIALE AL BENEVOLO INTERESSAMENTO DI PIO IX...</subfield>
  </datafield>
  <datafield tag="538" ind1=" " ind2=" ">
    <subfield code="a">PAL, STEREO</subfield>
  </datafield>
  <datafield tag="546" ind1=" " ind2=" ">
    <subfield code="a">ITALIANO</subfield>
  </datafield>
  <datafield tag="650" ind1=" " ind2=" ">
    <subfield code="a">DRAMMA - BIOGRAF</subfield>
    <subfield code="e">DVD-FILM [DVD]</subfield>
    <subfield code="x">Codice MATERIA SPICS: 9947</subfield>
    <subfield code="9">40932</subfield>
  </datafield>
  <datafield tag="700" ind1=" " ind2=" ">
    <subfield code="a">Diana Graziano </subfield>
    <subfield code="e">(soggetto)</subfield>
    <subfield code="g">Codice Soggetto SPICS: 25343</subfield>
    <subfield code="9">40933</subfield>
  </datafield>
  <datafield tag="700" ind1=" " ind2=" ">
    <subfield code="a">Frisina Marco</subfield>
    <subfield code="e">(musica)</subfield>
    <subfield code="g">Codice Musica SPICS: 38406</subfield>
    <subfield code="9">40934</subfield>
  </datafield>
  <datafield tag="700" ind1=" " ind2=" ">
    <subfield code="a">Gasparini Ludovico </subfield>
    <subfield code="e">(regista)</subfield>
    <subfield code="g">Codice regista SPICS: 58001</subfield>
    <subfield code="9">40935</subfield>
  </datafield>
  <datafield tag="942" ind1=" " ind2=" ">
    <subfield code="c">DV</subfield>
    <subfield code="2">ddc</subfield>
  </datafield>
  <datafield tag="999" ind1=" " ind2=" ">
    <subfield code="c">105353</subfield>
    <subfield code="d">105353</subfield>
  </datafield>
  <datafield tag="952" ind1=" " ind2=" ">
    <subfield code="0">0</subfield>
    <subfield code="1">0</subfield>
    <subfield code="4">0</subfield>
    <subfield code="6">H_5285_000000000000000</subfield>
    <subfield code="7">1</subfield>
    <subfield code="a">SPICS</subfield>
    <subfield code="b">SPICS</subfield>
    <subfield code="d">2015-01-31</subfield>
    <subfield code="l">0</subfield>
    <subfield code="o">H5285</subfield>
    <subfield code="r">2015-01-31 00:00:00</subfield>
    <subfield code="w">2015-01-31</subfield>
    <subfield code="y">DV</subfield>
    <subfield code="z">Progr. Ins.: 3247 / N.Vol.:1 / Copie: 1 / Pag.:0 / Copia rara: n.d. / date import: 1.2.2015 / By Epidotti, Trombetti, Vaglietti</subfield>
  </datafield>
</record>
